LEADER 01447nam a2200301 i 4500 001 000000152631 003 CaOOAMICUS 005 20250114142412.0 008 060822s2006 gw u000 u ger u 013 $a129972 020 $a3-525-53078-1 040 $aSeMil$bita 100 1 $aVogel, Manuel.$0(OLS)http://semarc/name/59834 245 10$aCommentatio mortis :$b2Kor 5,1-10 auf dem Hintergrung antiker ars moriendi /$cManuel Vogel. 260 $aGöttingen :$bVandenhoeck & Ruprecht,$c2006. 300 $a408 p. ;$c24 cm. 490 0 $aForschungen zur Religion und Literatur des Alten und Neuen Testaments ;$v214 650 4$aMorte - Grecia antica.$0(OLS)http://semarc/subject/28839 650 4$aBibbia - NT - 2 Corinzi, 5,1-10.$0(OLS)http://semarc/subject/29796 650 4$aMorte - Concezione biblica.$0(OLS)http://semarc/subject/12643 830 0$aForschungen zur Religion und Literatur des Alten und Neuen Testaments ;$v214.$0(OLS)http://semarc/title/298 850 $aSeMil 852 $aSeMil$W1$xVenegono$y1$m2XA S 214$j253802$B104582$CSeMilBibl$Z2$F113673 $81 961 $aSottoscrizione: Vandenhoeck & Ruprecht 996 $6020$a3-525-53078-1$9(OLS)http://semarc/number/142340 996 $6245$aCommentatio mortis :$b2Kor 5,1-10 auf dem Hintergrung antiker ars moriendi$9(OLS)http://semarc/title/223159 996 $6260$aGöttingen :$bVandenhoeck & Ruprecht$9(OLS)http://semarc/publisher/29697 LEADER 00751nam a2200193 i 4500 001 000000162844 003 CaOOAMICUS 005 20090522000000.0 008 090522s1923 it u000 u ita u 013 $a140208 040 $aSeMil$bita 245 13$aLa Chiesa. 300 $aVIII, 643 p. ;$c18 cm. 490 0 $aCollezione Pietro Marietti ;$v236 773 0 $aBougaud, Louis-Émile $tCristianesimo e i tempi presenti.$dTorino-Roma : Pietro Marietti, [19--?]$g4$w()21381 830 0$aCollezione Pietro Marietti ;$v236.$0(OLS)http://semarc/title/6569 850 $aSeMil 852 $aSeMil$W1$xVenegono$y1$m2A II 86$j114169$B114169$CSeMilBibl$Z2$F141944 $81 996 $6245$aLa Chiesa$9(OLS)http://semarc/title/275152